| 000 | 00534nam a2200157 a 4500 | ||
|---|---|---|---|
| 008 | 120416s0000 ||||||||||||||||| || u | ||
| 020 | _a0582447291 | ||
| 050 | _aTJ 170 Mor | ||
| 100 | _aMorrison, J. L. M | ||
| 245 | 1 | 3 | _aAn introduction to the mechanics of machines |
| 250 | _a2nd (SI un | ||
| 260 |
_aLondon _bLongman _c1970 |
||
| 300 | _avi, 461p. : ill. | ||
| 350 | _a0.00 | ||
| 995 |
_D0.00 _FCBU-MAIN LIBRARY (Kitwe) _H1 _I3.25 _UAVAILABLE _ZMain Library Open Access Collection |
||
| 999 |
_c48044 _d48044 |
||